Ku klasifikácii dôchodkových systémov

Dôchodkové systémy a ich klasifikácie. Prístupy ku klasifikácii penzijných systémov z pohľadu OECD, Svetovej banky a Medzinárodnej organizácie práce. Charakteristika slovenského trojpilierového dôchodkového systému na základe týchto prístupov. Charakteristika univerzálnych kritérií pre klasifikáciu...

Descrizione completa

Salvato in:
Dettagli Bibliografici
Autore principale: Toma, Ján
Altri autori: Novák, Marcel, 1979-
Natura: Capitolo di libro
Lingua:slovacco
Soggetti:
Tags: Aggiungi Tag
Nessun Tag, puoi essere il primo ad aggiungerne!!

MARC

LEADER 00000nla a2200000 4500
001 0181225
005 20240502073116.3
041 0 |a slo 
044 |a SK 
245 1 0 |a Ku klasifikácii dôchodkových systémov  |c Ján Toma, Marcel Novák 
520 |a Dôchodkové systémy a ich klasifikácie. Prístupy ku klasifikácii penzijných systémov z pohľadu OECD, Svetovej banky a Medzinárodnej organizácie práce. Charakteristika slovenského trojpilierového dôchodkového systému na základe týchto prístupov. Charakteristika univerzálnych kritérií pre klasifikáciu každého zvoleného režimu individuálneho pripoistenia. 
610 2 0 |a systémy dôchodkové 
610 2 0 |a klasifikácia 
610 2 0 |a zabezpečenie sociálne 
100 1 |a Toma, Ján 
700 1 |a Novák, Marcel, 1979-